000
00261nam a2200109Ia 4500
008
190216s9999||||xx |||||||||||||| ||und||
100
_a
Clive De Paula F
245
0
_a
Management Accounting In Practice
260
_b
Macmillan
_c
1969
300
_a
213p
942
_c
BK
999
_c
4628
_d
4628